Countries That Start And End In The Same Letter - Statistics

General Stats
  • This quiz has been taken 62 times
  • The average score is 13 of 15
Answer Stats
Starting and Ending Letter Country % Correct
A Albania
95%
A Australia
95%
A Austria
95%
A Andorra
93%
A Angola
93%
A Armenia
93%
A Algeria
85%
A Antigua and Barbuda
85%
A Argentina
82%
S Saint Kitts and Nevis
82%
S Saint Vincent and the Grenadines
78%
S Seychelles
78%
C Czech Republic
73%
S Solomon Islands
71%
C Central African Republic
65%
No matching quizzes found
Score Distribution
Percent of People with Each Score
Percentile by Number Answered
Your Score History
You have not taken this quiz